Video oyunlarındaki karakterler testi - Statistics

General Stats
  • This quiz has been taken 126 times
  • The average score is 6 of 16
Answer Stats
Picture Answer % Correct
Batman
93%
Steve
93%
Kratos
63%
Luigi
52%
Lara croft
51%
Arthur Morgan
49%
Ezio
41%
Geralt
40%
Niko
37%
John Price
33%
Ajan 47
28%
Gordon Freeman
25%
Henry
7%
Glados
6%
Yaroglek
6%
Wheatley
2%
No matching quizzes found
Score Distribution
Percent of People with Each Score
Percentile by Number Answered
Your Score History
You have not taken this quiz